|
|
|
|
| LEADER |
00000nab a2200000 a 4500 |
| 001 |
vtls009090375 |
| 003 |
SK-MaSNL |
| 005 |
20260426093744.0 |
| 008 |
140301c20070321xo dr|p|||||||000 b|slo |
| 015 |
|
|
|a SNBRB2007/08
|2 snkbucl
|
| 038 |
|
|
|a SNKBUCL
|
| 040 |
|
|
|a SNKBUCL
|b slo
|c SNKBUCL
|e AACR2
|
| 041 |
0 |
|
|a slo
|
| 044 |
|
|
|a xo
|c SK
|
| 080 |
|
|
|a 336.225.64
|x (437.6)
|2 2001
|
| 100 |
1 |
|
|a Kollárová, Zuzana
|4 aut
|9 10478
|
| 245 |
1 |
0 |
|a Kedy sa musíte registrovať a čo oznamujete
|c pripravila Zuzana Kollárová
|
| 648 |
|
7 |
|a 2007
|2 snkbucl
|9 313226
|
| 650 |
0 |
7 |
|a dane
|2 snkbucl
|9 2123
|
| 650 |
0 |
7 |
|a správa daní
|2 snkbucl
|9 2359
|
| 650 |
0 |
7 |
|a registračná povinnosť
|2 snkbucl
|9 1059452
|
| 650 |
0 |
7 |
|a oznamovacia povinnosť
|2 snkbucl
|9 859219
|
| 651 |
|
7 |
|a Slovensko
|2 snkbucl
|9 14231
|
| 773 |
0 |
|
|t Hospodárske noviny
|g Roč. XV., č. 57 (21.3.2007)
|x 1335-4701
|
| 773 |
0 |
8 |
|t Poradca
|g S. 26
|
| 852 |
|
|
|a SNK
|b KIS3GCP
|
| 958 |
|
|
|a SK
|
| 999 |
|
|
|c 3115454
|d 3117384
|